Zawod do studija Serbskeho pismowstwa

Bibliographic Details
Main Author: Páta, Josef, 1886-1942 (Author)
Format: Book
Language:Undetermined
PhysicalDescription:286 s.
Published: W Budyšinje Maćicy Serbskeje 1929

MARC

LEADER 00000nam a2200000 a 4500
001 vtls001389461
003 SK-MaSNL
005 20260301071405.0
008 240314s1929 xx 0 und
035 |a SNK000343721 
040 |a SNK  |b slo  |c SNK  |e AACR2 
100 1 |a Páta, Josef,  |d 1886-1942  |4 aut  |9 101746 
245 1 0 |a Zawod do studija Serbskeho pismowstwa 
260 |a W Budyšinje  |b Maćicy Serbskeje  |c 1929 
300 |a 286 s. 
999 |c 637656  |d 639586 
952 |t P60, <04>, [BOOK], {604}  |a SNK  |b SNK  |y VYP  |7 0  |p 17A0241681  |o snkIC 18130  |0 0  |1 0  |4 0  |d 2000-05-25  |l 0  |r 2005-01-02 00:00:00  |w 2026-02-23